| 000 | 00466nam a2200193Ia 4500 | ||
|---|---|---|---|
| 008 | 220531s9999 xx 000 0 und d | ||
| 041 | _aeng | ||
| 082 |
_a658.3 _bSAN |
||
| 100 |
_aSanghi, S. _968519 |
||
| 245 | _aHuman Resource Management | ||
| 250 | _a1ST | ||
| 260 |
_aNew Delhi _bVikas _c2014 |
||
| 300 | _a376 | ||
| 542 | _d11-06-2015 | ||
| 551 |
_aCommerce _bUgc-C |
||
| 650 |
_aHuman Resource _968520 |
||
| 906 | _d2015-2016 | ||
| 999 |
_c38491 _d38491 |
||